[Event "BRA-ch U18"]
[White "Marques, Alexandre Paganini"]
[Black "Machado, Alessandro Mathias"]
[Site "Aracaju"]
[Round "2"]
[Result "1-0"]
[Date "2024.05.22"]
[WhiteElo "1800"]
[BlackElo "1873"]
[PlyCount "77"]
[EventDate "2024.05.22"]
[EventType "swiss"]
[EventRounds "6"]
[EventCountry "BRA"]
[SourceTitle "CBM 220 Extra"]
[Source "ChessBase"]
[SourceDate "2024.07.31"]
[SourceVersion "1"]
[SourceVersionDate "2024.07.31"]
[SourceQuality "1"]

1. c4 Nf6 2. Nc3 c5 3. Nf3 Nc6 4. g3 d5 5. cxd5 Nxd5 6. d4 Nxc3 7. bxc3 e6 8. e4 Bd6 9. Bg2 0-0 10. 0-0 Qc7 11. e5 Be7 12. Ba3 cxd4 13. Bxe7 Nxe7 14. cxd4 Bd7 15. Ng5 h6 16. Ne4 Bc6 17. Rc1 Qa5 18. Qb3 Nf5 19. Rc5 Qb6 20. Qc3 Rfd8 21. Rd1 Nxd4 22. Rxd4 Qb1+ 23. Bf1 Bxe4 24. Rb4 Rd3 25. Qc4 Qa1 26. Qxe4 Rd1 27. Qe2 Rad8 28. Kg2 Re1 29. Qc4 Rdd1 30. Bd3 g6 31. Rc8+ Kg7 32. Bxg6 Qxe5 33. Bc2 Rg1+ 34. Kh3 h5 35. Qc3 Qxc3 36. Rxc3 Ra1 37. Bb3 Rgf1 38. Rf3 b6 39. Rbf4 1-0